• 首页
  • 本馆介绍
  • 公告通知
  • 最新文献
  • 馆藏检索
  • 电子资源
  • 读者导购
  • 参考咨询
  • 我的图书馆
  • 登录
  • 详细信息显示
  • 放入我的书架
  • 预约/预借图书
  • 作者相关作品
  • 分类相关作品
  • 丛书相关作品
  • 出版社相关作品

书目信息

  • 表格格式
  • 工作单格式
  • 卡片格式
题名:
阅读发展心理学
    
 
作者: 闫国利 著
分册:  
出版信息: 合肥   安徽教育出版社  2004
页数: 359页
开本: 23cm
丛书名: 儿童心理与行为研究书系
单 册:
中图分类: G442 , B844
科图分类:
主题词: 阅读--儿童心理学--学习心理学--发展心理学 , 发展心理学
电子资源:
ISBN: 7-5336-3680-5
000 00930oam2 2200277 450
001 1536014789
005 20150126100034.76
010    @a7-5336-3680-5@dCNY28.00
100    @a20041101d2004 emky0chiy50 ea
101 0  @achi
102    @aCN@b340000
105    @ay z 000yy
200 1  @a阅读发展心理学@9yue du fa zhan xin li xue@f闫国利著
210    @a合肥@c安徽教育出版社@d2004
215    @a359页@d23cm
225 2  @a儿童心理与行为研究书系
300    @a国家“十五”重点图书 教育部人文社会科学重点研究基地成果
330    @a本书针对研究阅读活动中各种心理现象及其规律的本学科,从阅读的对象文字入手,对阅读能力发展的测评、字词认知的发展研究等进行了讨论。
461  0 @12001 @a儿童心理与行为研究书系
606 0  @a阅读@x儿童心理学@x学习心理学@x发展心理学
606 0  @a发展心理学
690    @aG442@v5
690    @aB844@v4
701  0 @a闫国利@9yan guo li@4著
801  0 @aCN@bTSSF@c20150126
905    @aZUCC@dB844@eJY788
    
    阅读发展心理学/闫国利著.-合肥:安徽教育出版社,2004
    359页;23cm.-(儿童心理与行为研究书系)
    国家“十五”重点图书 教育部人文社会科学重点研究基地成果
    
    ISBN 7-5336-3680-5:CNY28.00
    本书针对研究阅读活动中各种心理现象及其规律的本学科,从阅读的对象文字入手,对阅读能力发展的测评、字词认知的发展研究等进行了讨论。
●
相关链接 在E读中查询图书 在五车中查询图书 在当当中查询图书 在豆瓣中查询图书


正题名:阅读发展心理学     索取号:B844/JY788         预约/预借

序号 登录号 条形码 馆藏地/架位号 状态 备注
1 7846223   278462236   学院路分馆/ [索取号:B844/JY788] 在馆    
唐山师范学院图书馆 欢迎您!
大连网信软件有限公司© 版权所有